000 00923nam a22003017a 4500
001 5243
003 FISKH
005 20250828155136.0
008 241121b cb ||||| |||| 00| 0 eng d
020 _a9780545731201
040 _aFISKH
_beng
_cFISKH
_dFISKH
050 _aPZ7.H5686
082 _a247
100 _aHimmelman, John
_d(1959-)
245 _aCows to the recue /
_cJohn Himmelman
250 _aFirst printing in 2014
260 _aNew York :
_bScholastic,
_c2014.
300 _a27 pages :
_bcolor illustrations
_c21 cm
505 _aL
520 _aAfter helping the Greenstalk family get to the county fair, the cows busy themselves finding solutions to many other problems that arise during the day.
521 8 _a510
_bLexile
521 8 _aL
_bRaz-Plus
650 _2Farm
_aAnimals
650 _2Fiction
_aFunny
700 _aKate
_dIllustrator
942 _2ddc
_cBK
_n0
999 _c5243
_d5243